Démocratie ou Dictature? Tous les Pays - Statistiques

Statistiques générales
  • Ce quiz a été pris 44 fois
    36 depuis la dernière actualisation
  • Le résultat moyen est 47 sur 167
Statistiques - réponses
Question Réponse % Correct
Afghanistan Régime Autoritaire / Très Autoritaire (- de 4)
91%
Allemagne Démocratie Parfaite / Imparfaite (+ de 6)
75%
Australie Démocratie Parfaite / Imparfaite (+ de 6)
66%
Belgique Démocratie Parfaite / Imparfaite (+ de 6)
66%
Autriche Démocratie Parfaite / Imparfaite (+ de 6)
63%
Arménie Régime Hybride (entre 4 et 6)
59%
Arabie Saoudite Régime Autoritaire / Très Autoritaire (- de 4)
56%
Afrique du Sud Démocratie Parfaite / Imparfaite (+ de 6)
53%
Argentine Démocratie Parfaite / Imparfaite (+ de 6)
47%
Biélorussie Régime Autoritaire / Très Autoritaire (- de 4)
47%
Bulgarie Démocratie Parfaite / Imparfaite (+ de 6)
44%
Canada Démocratie Parfaite / Imparfaite (+ de 6)
44%
Azerbaïdjan Régime Autoritaire / Très Autoritaire (- de 4)
44%
Bahreïn Régime Autoritaire / Très Autoritaire (- de 4)
44%
Chine Régime Autoritaire / Très Autoritaire (- de 4)
44%
Corée du Nord Régime Autoritaire / Très Autoritaire (- de 4)
44%
Angola Régime Hybride (entre 4 et 6)
44%
Albanie Démocratie Parfaite / Imparfaite (+ de 6)
41%
Chypre Démocratie Parfaite / Imparfaite (+ de 6)
41%
Corée du Sud Démocratie Parfaite / Imparfaite (+ de 6)
41%
Algérie Régime Autoritaire / Très Autoritaire (- de 4)
41%
République Démocratique du Congo Régime Autoritaire / Très Autoritaire (- de 4)
41%
Bénin Régime Hybride (entre 4 et 6)
41%
Brésil Démocratie Parfaite / Imparfaite (+ de 6)
38%
Croatie Démocratie Parfaite / Imparfaite (+ de 6)
38%
Birmanie Régime Autoritaire / Très Autoritaire (- de 4)
38%
République Centrafricaine Régime Autoritaire / Très Autoritaire (- de 4)
38%
Bangladesh Régime Hybride (entre 4 et 6)
38%
Danemark Démocratie Parfaite / Imparfaite (+ de 6)
34%
République du Congo Régime Autoritaire / Très Autoritaire (- de 4)
34%
Émirats Arabes Unis Régime Autoritaire / Très Autoritaire (- de 4)
34%
Chili Démocratie Parfaite / Imparfaite (+ de 6)
31%
Costa Rica Démocratie Parfaite / Imparfaite (+ de 6)
31%
Espagne Démocratie Parfaite / Imparfaite (+ de 6)
31%
Estonie Démocratie Parfaite / Imparfaite (+ de 6)
31%
Finlande Démocratie Parfaite / Imparfaite (+ de 6)
31%
France Démocratie Parfaite / Imparfaite (+ de 6)
31%
Grèce Démocratie Parfaite / Imparfaite (+ de 6)
31%
Irlande Démocratie Parfaite / Imparfaite (+ de 6)
31%
Islande Démocratie Parfaite / Imparfaite (+ de 6)
31%
Italie Démocratie Parfaite / Imparfaite (+ de 6)
31%
Japon Démocratie Parfaite / Imparfaite (+ de 6)
31%
Lettonie Démocratie Parfaite / Imparfaite (+ de 6)
31%
Lituanie Démocratie Parfaite / Imparfaite (+ de 6)
31%
Luxembourg Démocratie Parfaite / Imparfaite (+ de 6)
31%
Malte Démocratie Parfaite / Imparfaite (+ de 6)
31%
Norvège Démocratie Parfaite / Imparfaite (+ de 6)
31%
Pays-Bas Démocratie Parfaite / Imparfaite (+ de 6)
31%
Pologne Démocratie Parfaite / Imparfaite (+ de 6)
31%
Portugal Démocratie Parfaite / Imparfaite (+ de 6)
31%
Slovaquie Démocratie Parfaite / Imparfaite (+ de 6)
31%
Slovénie Démocratie Parfaite / Imparfaite (+ de 6)
31%
Suède Démocratie Parfaite / Imparfaite (+ de 6)
31%
Suisse Démocratie Parfaite / Imparfaite (+ de 6)
31%
Taïwan Démocratie Parfaite / Imparfaite (+ de 6)
31%
Tchéquie Démocratie Parfaite / Imparfaite (+ de 6)
31%
Égypte Régime Autoritaire / Très Autoritaire (- de 4)
31%
Érythrée Régime Autoritaire / Très Autoritaire (- de 4)
31%
Iran Régime Autoritaire / Très Autoritaire (- de 4)
31%
Libye Régime Autoritaire / Très Autoritaire (- de 4)
31%
Russie Régime Autoritaire / Très Autoritaire (- de 4)
31%
Rwanda Régime Autoritaire / Très Autoritaire (- de 4)
31%
Soudan Régime Autoritaire / Très Autoritaire (- de 4)
31%
Syrie Régime Autoritaire / Très Autoritaire (- de 4)
31%
Tchad Régime Autoritaire / Très Autoritaire (- de 4)
31%
Yémen Régime Autoritaire / Très Autoritaire (- de 4)
31%
Bhoutan Régime Hybride (entre 4 et 6)
31%
Bolivie Régime Hybride (entre 4 et 6)
31%
États-Unis Démocratie Parfaite / Imparfaite (+ de 6)
28%
Nouvelle-Zélande Démocratie Parfaite / Imparfaite (+ de 6)
28%
Royaume-Uni Démocratie Parfaite / Imparfaite (+ de 6)
28%
Cuba Régime Autoritaire / Très Autoritaire (- de 4)
28%
Irak Régime Autoritaire / Très Autoritaire (- de 4)
28%
Mali Régime Autoritaire / Très Autoritaire (- de 4)
28%
Qatar Régime Autoritaire / Très Autoritaire (- de 4)
28%
Tadjikistan Régime Autoritaire / Très Autoritaire (- de 4)
28%
Vénézuéla Régime Autoritaire / Très Autoritaire (- de 4)
28%
Zimbabwe Régime Autoritaire / Très Autoritaire (- de 4)
28%
Équateur Régime Hybride (entre 4 et 6)
28%
Inde Démocratie Parfaite / Imparfaite (+ de 6)
25%
Macédoine du Nord Démocratie Parfaite / Imparfaite (+ de 6)
25%
Monténégro Démocratie Parfaite / Imparfaite (+ de 6)
25%
Roumanie Démocratie Parfaite / Imparfaite (+ de 6)
25%
Uruguay Démocratie Parfaite / Imparfaite (+ de 6)
25%
Burkina Faso Régime Autoritaire / Très Autoritaire (- de 4)
25%
Cameroun Régime Autoritaire / Très Autoritaire (- de 4)
25%
Djibouti Régime Autoritaire / Très Autoritaire (- de 4)
25%
Éthiopie Régime Autoritaire / Très Autoritaire (- de 4)
25%
Gabon Régime Autoritaire / Très Autoritaire (- de 4)
25%
Guinée Équatoriale Régime Autoritaire / Très Autoritaire (- de 4)
25%
Haïti Régime Autoritaire / Très Autoritaire (- de 4)
25%
Laos Régime Autoritaire / Très Autoritaire (- de 4)
25%
Ouzbékistan Régime Autoritaire / Très Autoritaire (- de 4)
25%
Bosnie-Herzégovine Régime Hybride (entre 4 et 6)
25%
Côte d'Ivoire Régime Hybride (entre 4 et 6)
25%
Fidji Régime Hybride (entre 4 et 6)
25%
Géorgie Régime Hybride (entre 4 et 6)
25%
Guatemala Régime Hybride (entre 4 et 6)
25%
Honduras Régime Hybride (entre 4 et 6)
25%
Maroc Régime Hybride (entre 4 et 6)
25%
Mexique Régime Hybride (entre 4 et 6)
25%
Népal Régime Hybride (entre 4 et 6)
25%
Salvador Régime Hybride (entre 4 et 6)
25%
Sénégal Régime Hybride (entre 4 et 6)
25%
Tanzanie Régime Hybride (entre 4 et 6)
25%
Cap-Vert Démocratie Parfaite / Imparfaite (+ de 6)
22%
Colombie Démocratie Parfaite / Imparfaite (+ de 6)
22%
Hongrie Démocratie Parfaite / Imparfaite (+ de 6)
22%
Israël Démocratie Parfaite / Imparfaite (+ de 6)
22%
Jamaïque Démocratie Parfaite / Imparfaite (+ de 6)
22%
Maurice Démocratie Parfaite / Imparfaite (+ de 6)
22%
Mongolie Démocratie Parfaite / Imparfaite (+ de 6)
22%
Suriname Démocratie Parfaite / Imparfaite (+ de 6)
22%
Trinité-et-Tobago Démocratie Parfaite / Imparfaite (+ de 6)
22%
Burundi Régime Autoritaire / Très Autoritaire (- de 4)
22%
Cambodge Régime Autoritaire / Très Autoritaire (- de 4)
22%
Guinée Régime Autoritaire / Très Autoritaire (- de 4)
22%
Guinée-Bissau Régime Autoritaire / Très Autoritaire (- de 4)
22%
Kazakhstan Régime Autoritaire / Très Autoritaire (- de 4)
22%
Koweït Régime Autoritaire / Très Autoritaire (- de 4)
22%
Niger Régime Autoritaire / Très Autoritaire (- de 4)
22%
Oman Régime Autoritaire / Très Autoritaire (- de 4)
22%
Pakistan Régime Autoritaire / Très Autoritaire (- de 4)
22%
Palestine Régime Autoritaire / Très Autoritaire (- de 4)
22%
Turkménistan Régime Autoritaire / Très Autoritaire (- de 4)
22%
Vietnam Régime Autoritaire / Très Autoritaire (- de 4)
22%
Hong Kong Régime Hybride (entre 4 et 6)
22%
Tunisie Régime Hybride (entre 4 et 6)
22%
Turquie Régime Hybride (entre 4 et 6)
22%
Ukraine Régime Hybride (entre 4 et 6)
22%
Botswana Démocratie Parfaite / Imparfaite (+ de 6)
19%
Ghana Démocratie Parfaite / Imparfaite (+ de 6)
19%
Guyana Démocratie Parfaite / Imparfaite (+ de 6)
19%
Malaisie Démocratie Parfaite / Imparfaite (+ de 6)
19%
Namibie Démocratie Parfaite / Imparfaite (+ de 6)
19%
Philippines Démocratie Parfaite / Imparfaite (+ de 6)
19%
Eswatini Régime Autoritaire / Très Autoritaire (- de 4)
19%
Jordanie Régime Autoritaire / Très Autoritaire (- de 4)
19%
Kirghizistan Régime Autoritaire / Très Autoritaire (- de 4)
19%
Mozambique Régime Autoritaire / Très Autoritaire (- de 4)
19%
Liberia Régime Hybride (entre 4 et 6)
19%
Madagascar Régime Hybride (entre 4 et 6)
19%
Zambie Régime Hybride (entre 4 et 6)
19%
République Dominicaine Démocratie Parfaite / Imparfaite (+ de 6)
16%
Indonésie Démocratie Parfaite / Imparfaite (+ de 6)
16%
Moldavie Démocratie Parfaite / Imparfaite (+ de 6)
16%
Serbie Démocratie Parfaite / Imparfaite (+ de 6)
16%
Comores Régime Autoritaire / Très Autoritaire (- de 4)
16%
Nicaragua Régime Autoritaire / Très Autoritaire (- de 4)
16%
Togo Régime Autoritaire / Très Autoritaire (- de 4)
16%
Gambie Régime Hybride (entre 4 et 6)
16%
Kenya Régime Hybride (entre 4 et 6)
16%
Pérou Régime Hybride (entre 4 et 6)
16%
Lesotho Démocratie Parfaite / Imparfaite (+ de 6)
13%
Panama Démocratie Parfaite / Imparfaite (+ de 6)
13%
Sri Lanka Démocratie Parfaite / Imparfaite (+ de 6)
13%
Thaïlande Démocratie Parfaite / Imparfaite (+ de 6)
13%
Liban Régime Autoritaire / Très Autoritaire (- de 4)
13%
Malawi Régime Hybride (entre 4 et 6)
13%
Nigeria Régime Hybride (entre 4 et 6)
13%
Ouganda Régime Hybride (entre 4 et 6)
13%
Singapour Démocratie Parfaite / Imparfaite (+ de 6)
9%
Mauritanie Régime Hybride (entre 4 et 6)
9%
Sierra Leone Régime Hybride (entre 4 et 6)
9%
Papouasie-Nouvelle-Guinée Démocratie Parfaite / Imparfaite (+ de 6)
6%
Paraguay Démocratie Parfaite / Imparfaite (+ de 6)
6%
Timor Oriental Démocratie Parfaite / Imparfaite (+ de 6)
6%
Aucun quiz correspondant
Distribution des résultats
% des personnes avec chaque résultat
Percentile par nombre de réponses
Votre historique - résultats
Vous n’avez pas pris ce quiz depuis la dernière actualisation